A passzívházak sajátosságai és annak megjelenése Ausztriában és hazánkban

Bibliográfiai részletek
Szerző: Sziklai-Sax Angéla
További közreműködők: Fabula László
Dokumentumtípus: Diplomadolgozat
Kulcsszavak:Passzívházak
Ausztria
Energiafelhasználás
Magyarország
sajátosságok
Online Access:http://dolgozattar.uni-bge.hu/9964

MARC

LEADER 00000nta a2200000 i 4500
001 dolg9964
005 20170523124138.0
008 170419suuuu hu om 000 hun d
040 |a BGE Dolgozattár Repozitórium  |b hun 
041 |a hu 
100 1 |a Sziklai-Sax Angéla 
245 1 2 |a A passzívházak sajátosságai és annak megjelenése Ausztriában és hazánkban  |c Sziklai-Sax Angéla  |h [elektronikus dokumentum] 
695 |a Passzívházak 
695 |a Ausztria 
695 |a Energiafelhasználás 
695 |a  Magyarország  
695 |a sajátosságok 
700 1 |a Fabula László  |e ths 
856 4 0 |u http://dolgozattar.uni-bge.hu/9964/1/Sziklai-Sax%20Ang%C3%A9la%20%28x9aw6h%29%20Szakdolgozat.pdf  |z Dokumentum-elérés